000 00644nam a2200241Ia 4500
003 OSt
005 20220918224548.0
006 a|||||r|||| 00| 0
007 ta
008 220917b |||||||| |||| 00| 0 eng d
024 _a230,139
037 _cTextual
040 _aARTS
_cARTS
_beng
041 _2eng
_aeng
082 _aP111,3:3c, P6
100 _aLeech Geoffrey
_918863
245 0 _aGlossary of English grammar
260 _aEdinburgh
_bEdinburgh University Press
_c2006
300 _avi, 133p.
_ccm.
650 _aLINGUISTICS
942 _hP111,3:3c, P6
_cTEXL
_2CC
999 _c281691
_d281691